banner koha

Glicerina na alimentação de cordeiros terminados em confinamento: características quantitativas da carcaça e qualitativas da carne (Registro n. 328049)

MARC details
000 -LÍDER
fixed length control field 03228nab a2200373 i 4500
003 - CÓDIGO MARC DA AGÊNCIA CATALOGADORA
Campo de controle BR-BrBNA
005 - DATA E HORA DA ÚLTIMA ATUALIZAÇÃO
Campo de controle 20241011095807.0
008 - CAMPO DE TAMANHO FIXO
fixed length control field 241011b2018 bl.|r|pooa||| 00| 0 por |
040 ## - FONTE DA CATALOGAÇÃO
Agência catalogadora BR-BrBNA
Idioma da catalogação por
072 ## - CATEGORIA AGRIS
Código AGRIS L02
Código do objeto 5240
072 ## - CATEGORIA AGRIS
Código AGRIS L01
100 ## - ENTRADA PRINCIPAL - NOME PESSOAL
Nome pessoal D’Aurea, E.M.O.
100 ## - ENTRADA PRINCIPAL - NOME PESSOAL
Nome pessoal Ezequiel, J.M.B.
100 ## - ENTRADA PRINCIPAL - NOME PESSOAL
Nome pessoal Santos, V.C.
100 ## - ENTRADA PRINCIPAL - NOME PESSOAL
Nome pessoal A.P. D’Aurea
100 ## - ENTRADA PRINCIPAL - NOME PESSOAL
Nome pessoal Carvalho, V.B.
100 ## - ENTRADA PRINCIPAL - NOME PESSOAL
Nome pessoal Almeida, M.T.C.
100 ## - ENTRADA PRINCIPAL - NOME PESSOAL
Nome pessoal Perez, H.L.
245 ## - TÍTULO PRINCIPAL
Título principal Glicerina na alimentação de cordeiros terminados em confinamento: características quantitativas da carcaça e qualitativas da carne
500 ## - NOTA GERAL
Nota geral Publicação online; 28 ref.; 5 tables; Summaries (En, Pt)
942 ## - ADDED ENTRY ELEMENTS (KOHA)
Koha item type Analítica
520 ## - NOTA DE RESUMO
Nota de conteúdo <br/><br/>RESUMO - O presente trabalho foi conduzido com o objetivo de avaliar a ausência e a inclusão de glicerina na dieta de cordeiros terminados em confinamento, sobre as características da carcaça e a qualidade da carne no músculo semimembranosus. Foram utilizados 40 cordeiros machos, não castrados, da raça ½ Dorper ½ Santa Inês, desmamados com idade média de 90 dias e peso médio inicial de 21+2,3kg. Os tratamentos<br/>constituíram-se de duas dietas: G0 – ausência de glicerina e G10 – inclusão de 10% de glicerina na MS. O delineamento experimental utilizado foi o inteiramente ao acaso, com dois tratamentos e 20 repetições. Observou-se efeito para peso de abate (P=0,041) e rendimento de carcaça fria (P=0,019) entre os tratamentos. Conclui-se que os cordeiros alimentados com a inclusão de glicerina (inclusão de 10% de glicerina na MS) apresentaram melhor rendimento de carcaça fria e menor peso de abate, sem que fossem alteradas as demais características estudadas.<br/><br/><br/>Palavras-chave: carcaça, cordeiro, glicerina, qualidade da carne
520 ## - NOTA DE RESUMO
Nota de conteúdo <br/><br/>ABSTRACT - This study was conducted to evaluate absence and the inclusion of glycerin in the diet of feedlot finished lambs on carcass characteristics and meat quality in the semimembranosus muscle. Forty males of the breed ½ Dorper ½ Santa Inês weaned with average age of 90 days and average weight of 21+2.3kg were included. The treatments consisted of two diets: G0 - absence of glycerin and G10 – inclusion of 10% glycerol. The experimental design was completely randomized, with two treatments and 20 repetitions. There was effect to slaughter weight (P=0.041) and cold carcass yield (P=0.019) between treatments. We conclude that the lambs fed the inclusion of glycerin (10%) showed better cold carcass yield and lower slaughter weight without changing the other characteristics studied.<br/><br/><br/>Keywords: carcass, lamb, glycerin, meat quality
650 ## - ASSUNTO - THESAGRO
Cabeçalho tópico ou nome geográfico CORDEIRO
650 ## - ASSUNTO - THESAGRO
Cabeçalho tópico ou nome geográfico CONFINAMENTO
650 ## - ASSUNTO - THESAGRO
Cabeçalho tópico ou nome geográfico DIETA
650 ## - ASSUNTO - THESAGRO
Cabeçalho tópico ou nome geográfico ALIMENTO ALTERNATIVO
650 ## - ASSUNTO - THESAGRO
Cabeçalho tópico ou nome geográfico GLICERINA
650 ## - ASSUNTO - THESAGRO
Cabeçalho tópico ou nome geográfico CARNE
650 ## - ASSUNTO - THESAGRO
Cabeçalho tópico ou nome geográfico QUALIDADE
773 0# - ENTRADA ANALÍTICA
Host Biblionumber 1643
Registro do item 344976
Imprenta Belo Horizonte-MG Universidade Federal de Minas Gerais - Escola de Veterinaria 1983
Outro identificador 2024-5389
Título Arquivo Brasileiro de Medicina Veterinária e Zootecnia (Brazil)
ISSN 0102-0935
Colação v. 70(6) p. 1950-1958; (2018)
Número de controle de registro BR2024002844
856 ## - ACESSO E ENDEREÇO ELETRÔNICO
Identificador uniforme de recurso - URI https://www.scielo.br/j/abmvz/a/MTzM7MMTbrKD56dxtCNMxLH/?format=pdf&lang=pt

Nenhum exemplar disponível.

BINAGRI

Telefone: (61)3218-2567/2388/3357/2097 - binagri@agro.gov.br

Ministério da Agricultura e Pecuária , Esplanada dos Ministérios, Bloco D, Anexo B, Brasília/DF, CEP: 70.043-900